LDR 01055naa#a2200205#i#450# 001 RU\\bibl\126161 005 20260630033438.2 011 ## _a2077-7566 100 ## _a20260629b2026####ek#y0rusy0150####ca 101 0# _aRUS 102 ## _aRU 200 1# _aОЦЕНКА КЛИНИКО-ЛАБОРАТОРНЫХ ИЗМЕНЕНИЙ ПОКАЗАТЕЛЕЙ СОСТОЯНИЯ РТА У ПАЦИЕНТОВ С ГЕМОФИЛИЕЙ НА ФОНЕ ПРИМЕНЕНИЯ НОВОЙ ЛЕЧЕБНО-ПРОФИЛАКТИЧЕСКОЙ ЗУБНОЙ ПАСТЫ _eЖурнальная статья 210 1# _aЕкатеринбург _cИздательский Дом «ТИРАЖ» _d2026 215 ## _a4 с. 608 ## _aЖурнальная статья _2local 675 ## _aСтоматология. Заболевания ротовой полости и зубов. 616.31 _zRUS 700 #1 _aФедорова _gРимма Кирилловна 700 #1 _aОрешака _gОлег Васильевич 700 #1 _aФедоров _gКирилл Петрович 856 4# _adental-press.ru _u